000
00349nam a2200145Ia 4500
003
OSt
005
20240104113744.0
008
170523s9999 xx 000 0 und d
020
_a
8120312066
040
_c
iimt university meerut
100
_a
PRATLEY- PETER
245
4
_a
THE ESSENCE OF BUSINESS ETHICE
260
_b
NEW DELHI PHI
942
_2
ddc
_c
02
999
_c
858
_d
858